01387nam a2200349Ia 4500001001200000003000800012006001900020007001500039008004100054010001700095020002500112020002200137040002100159035002100180050002500201100002300226245015200249260005800401300002300459504006400482533015200546650002200698650002400720650002300744650002500767650003900792655002900831700001900860710001700879856012600896999001501022ebr10278913CaPaEBRm u cr cn|||||||||080924s2008 enka sb 001 0 eng d z 2008277323 z9780199214976 (hbk.) z0199214972 (hbk.) aCaPaEBRcCaPaEBR a(OCoLC)31792182414aQH542.5b.Z35 2008eb1 aZalasiewicz, J. A.14aThe earth after ush[electronic resource] :bwhat legacy will humans leave in the rocks? /cJan Zalasiewicz ; with contributions from Kim Freedman. aOxford ;aNew York :bOxford University Press,c2008. axv, 251 p. :bill. aIncludes bibliographical references (p. 243-246) and index. aElectronic reproduction.bPalo Alto, Calif. :cebrary,d2009.nAvailable via World Wide Web.nAccess may be limited to ebrary affiliated libraries. 0aBiogeomorphology. 0aHistorical geology. 0aPaleoanthropology. 0aExtinction (Biology) 0aNaturexEffect of human beings on. 7aElectronic books.2local1 aFreedman, Kim.2 aebrary, Inc.40uhttp://site.ebrary.com/lib/rucke/Doc?id=10278913zAn electronic book accessible through the World Wide Web; click to view c4368d4368